Reshaping criminology with AI
"This book aims to collect new insights and research on digital criminology and their use of technology aid. The new paradigm of crime is digital. The future of cybersecurity rests on a synergistic partnership between AI and human expertise, combining their strengths for more effective defense...
| Beteiligte: | ; ; ; ; |
|---|---|
| Medienart: | Druck Buch |
| Sprache: | Englisch |
| Veröffentlicht: |
Hershey, PA
IGI Global Scientific Publishing
[2026]
|
| In: | Jahr: 2026 |
| Online-Zugang: |
Inhaltsverzeichnis Inhaltsverzeichnis Klappentext |
| Bestand in Tübingen: | In Tübingen vorhanden. UB: KB 21 A 4731 |
| Verfügbarkeit prüfen: | HBZ Gateway |
| Subito Bestelldienst: | Jetzt bestellen. |
| Schlagwörter: |
MARC
| LEADER | 00000cam a2200000 c 4500 | ||
|---|---|---|---|
| 001 | 192175995X | ||
| 003 | DE-627 | ||
| 005 | 20260317225732.0 | ||
| 007 | tu | ||
| 008 | 250407s2026 xxu||||| 00| ||eng c | ||
| 010 | |a 2024060502 | ||
| 020 | |a 9798369388716 |q hardcover |9 979-8-3693-8871-6 | ||
| 020 | |a 9798369388723 |q paperback |9 979-8-3693-8872-3 | ||
| 035 | |a (DE-627)192175995X | ||
| 035 | |a (DE-599)KXP192175995X | ||
| 035 | |a (OCoLC)1544850570 | ||
| 040 | |a DE-627 |b ger |c DE-627 |e rda | ||
| 041 | |a eng | ||
| 044 | |c XD-US | ||
| 050 | 0 | |a HV6030 | |
| 082 | 0 | |a 364 |q DLC |2 23/eng/20250328 | |
| 084 | |a 2,1 |2 ssgn | ||
| 245 | 0 | 0 | |a Reshaping criminology with AI |c [edited by] Fernando Ortiz-Rodriguez (Tamaulipas Autonomous University, Mexico), Shishir Kumar Shandilya (Devi Ahilya Vishwavidyalaya, India), Cynthia Marisol Vargas Orozco (Tamaulipas Autonomous University, Mexico), Juana Iris Ibarra Costilla (Tamaulipas Autonomous University, Mexico), Jersain Llamas Covarrubias (Guadalajara University, Mexico) |
| 246 | 3 | 3 | |a Reshaping criminology with artificial intelligence |
| 264 | 1 | |a Hershey, PA |b IGI Global Scientific Publishing |c [2026] | |
| 300 | |a xvii, 458 Seiten |b Illustrationen, Diagramme | ||
| 336 | |a Text |b txt |2 rdacontent | ||
| 337 | |a ohne Hilfsmittel zu benutzen |b n |2 rdamedia | ||
| 338 | |a Band |b nc |2 rdacarrier | ||
| 490 | 0 | |a Premier research source | |
| 500 | |a Includes bibliographical references and index | ||
| 520 | |a "This book aims to collect new insights and research on digital criminology and their use of technology aid. The new paradigm of crime is digital. The future of cybersecurity rests on a synergistic partnership between AI and human expertise, combining their strengths for more effective defense against evolving cyber threats"-- Provided by publisher | ||
| 583 | 1 | |a Archivierung/Langzeitarchivierung gewährleistet |f FID |x XA-DE-BW |2 pdager |5 DE-21 | |
| 650 | 0 | |a Criminology |x Technological innovations |2 DLC | |
| 655 | 7 | |a Aufsatzsammlung |0 (DE-588)4143413-4 |0 (DE-627)105605727 |0 (DE-576)209726091 |2 gnd-content | |
| 700 | 1 | |a Ortiz-Rodriguez, Fernando |d 1974- |e HerausgeberIn |0 (DE-588)1293538248 |0 (DE-627)1850825726 |4 edt | |
| 700 | 1 | |a Shandilya, Shishir K. |d 1981- |e HerausgeberIn |0 (DE-588)1132621445 |0 (DE-627)887993133 |0 (DE-576)488915619 |4 edt | |
| 700 | 1 | |a Vargas Orozco, Cynthia |d 1982- |e HerausgeberIn |0 (DE-588)1384056998 |0 (DE-627)1945883278 |4 edt | |
| 700 | 1 | |a Ibarra Costilla, Juana |d 1982- |e HerausgeberIn |0 (DE-588)1384058389 |0 (DE-627)1945885114 |4 edt | |
| 700 | 1 | |a Llamas Covarrubias, Jersain |e HerausgeberIn |0 (DE-588)1384058214 |0 (DE-627)1945884754 |4 edt | |
| 776 | 1 | |z 9798369388730 |c ebook | |
| 776 | 0 | 8 | |i Erscheint auch als |n Online-Ausgabe |t Reshaping criminology with ai |d Hershey, PA : IGI Global Scientific Publishing, [2025] |z 9798369388730 |w (DLC)2024060503 |
| 856 | 4 | 2 | |u http://www.gbv.de/dms/bowker/toc/9798369388716.pdf |m DE-601 |q pdf/application |v 2025-10-28 |x Aggregator |3 Inhaltsverzeichnis |7 1 |
| 856 | 4 | 2 | |u https://swbplus.bsz-bw.de/bsz192175995Xinh.htm |m V:DE-576 |m B:DE-21 |v 20260109200128 |3 Inhaltsverzeichnis |7 1 |
| 856 | 4 | 2 | |u https://swbplus.bsz-bw.de/bsz192175995Xkla.htm |m V:DE-576 |m B:DE-21 |v 20260109200128 |3 Klappentext |7 1 |
| 951 | |a BO | ||
| ELC | |b 1 | ||
| LOK | |0 000 xxxxxcx a22 zn 4500 | ||
| LOK | |0 001 4784499520 | ||
| LOK | |0 003 DE-627 | ||
| LOK | |0 004 192175995X | ||
| LOK | |0 005 20251126114332 | ||
| LOK | |0 008 251010||||||||||||||||ger||||||| | ||
| LOK | |0 040 |a DE-21 |c DE-627 |d DE-21 | ||
| LOK | |0 852 |a DE-21 | ||
| LOK | |0 852 1 |c KB 21 A 4731 |9 00 | ||
| LOK | |0 935 |a krim | ||
| LOK | |0 938 |a 2511 |f 34 | ||
| LOK | |0 939 |a 2025-10-10 |b l01 | ||
| ORI | |a WA-MARC-krimdoka001.raw | ||
| SIG | |a UB: KB 21 A 4731 | ||
